000 00828nam a22002897a 4500
001 14296610
003 OSt
005 20140310181742.0
008 050323s2005 ph a 000 0 eng
010 _a 2005406522
020 _a9715118526
040 _aDLC
_cDLC
042 _alcode
043 _aa-ph---
050 0 0 _aBL 72
_b.T448 2004
082 _aTR 209.2
_bT34 2004
245 0 0 _aThis is my story :
_b31 lives, stories, miracles /
260 _aMetro, Manila :
_bOMF Literature Inc,
_ac2004.
300 _a239 p. :
_bill. ;
_c21 cm.
521 _aFaculty
541 _j1
562 _e1
710 2 _aCityland Foundation, Inc.
906 _a7
_bcbc
_corigode
_d4
_encip
_f20
_gy-gencatlg
942 _2lcc
_cBK-TR
_kTR
999 _c2811
_d2811